01003nam a2200265 i 4500001000700000003000700007005001700014008004100031016004500072017005000117020001500167035002100182040003100203080001500234100005000249245009500299260005900394300002800453336002200481337003000503338002400533490005600557650001700613852010700630195555SpMaBN20250712063143.0240619s1990 sp | |||| ||spa d7 abimoBNE19930952567zCHM9200123652SpMaBN aM 19710-1990bOficina Depósito Legal Madrid a8487510051 a(OCoLC)626422121 aSpMaBNbspacCHMdES-MaACL a658.8(035) aMolero Ayala, Víctor Manuel0XX1054920eaut10aManual para la excelencia comercial : bla venta paso a paso / cVíctor M. Molero Ayala. aMadrid : bEdiciones de las Ciencias Sociales, c1990. a183 páginas ; c23 cm 2rdacontentatexto 2rdamediaasin mediación 2rdacarrieravolumen1 aComunicación (Ediciones de las Ciencias Sociales) 4aVenta2embne aES-MaACLjN-10047hDonación: Helena de la JoyaxEncuadernación cartoné con sobrecuebiertacDEPOJ